Figure out the song - Disney - Statistics

General Stats
  • This quiz has been taken 83 times
  • The average score is 148 of 266
Answer Stats
Answer % Correct
I
95%
a
92%
the
92%
be
79%
me
76%
It
74%
it
74%
no
73%
go
68%
Go-oh-oh-oh, oh-oh, oh-oh-oh-oh-oh
68%
on
67%
can
65%
know
65%
to
65%
To
65%
And
62%
how
62%
my
62%
What
62%
where
62%
in
61%
far
59%
one
59%
One
59%
could
58%
is
58%
Sea
58%
sea
58%
I'll
56%
See
56%
why
56%
knows
55%
of
55%
by
52%
calls
52%
never
52%
wish
52%
as
50%
But
50%
goes
50%
If
50%
if
50%
so
50%
So
50%
at
48%
been
48%
I've
48%
Every
47%
every
47%
sky
47%
Long
45%
long
45%
place
45%
this
45%
try
45%
water
45%
wind
45%
back
44%
knowing
44%
let
44%
make
44%
meets
44%
take
44%
come
42%
daughter
42%
It's
42%
it's
42%
perfect
42%
remember
42%
staring
42%
that
42%
day
41%
edge
41%
hard
41%
just
41%
matter
41%
really
41%
lead
39%
sail
39%
us
39%
mine
38%
turn
38%
with
38%
behind
36%
cannot
36%
line
36%
road
36%
trail
36%
leads
35%
light
35%
track
35%
has
33%
path
33%
telling
33%
island
32%
stays
32%
everybody
30%
out
30%
calling
29%
find
29%
like
29%
seems
29%
there's
29%
happy
27%
role
27%
wrong
27%
design
26%
Everything
26%
shines
24%
strong
24%
what's
24%
maybe
23%
play
23%
roll
23%
satisfied
23%
along
21%
blinding
21%
pride
21%
different
20%
Oh-oh-oh-oh, oh-oh, oh-oh-oh-oh-oh
20%
voice
20%
beyond
18%
deep
18%
inside
18%
sings
18%
song
18%
cross
15%
Though
12%
willline
0%
No matching quizzes found
Score Distribution
Percent of People with Each Score
Percentile by Number Answered
Your Score History
You have not taken this quiz